000 00258nam a2200109Ia 4500
008 200302s9999 xx 000 0 und d
100 _aMercedes Daguerre
245 _aLatin American Houses
260 _bPhaidon Press Ltd.
260 _c2012
300 _a237 P.,
999 _c3106
_d3106